La realidad de la escuela sin grados

Gardado en:
Detalles Bibliográficos
Autor Principal: Smith, Lee L (Author)
Formato: Libro
Idioma:Lingua castelá
Publicado: Buenos Aires Angel Estrada 1974
Series:Biblioteca de Ciencias de la Educación
Subjects:
Tags: Engadir etiqueta
Sen Etiquetas, Sexa o primeiro en etiquetar este rexistro!

MARC

LEADER 00000nam a2200000 a 4500
001 UCW4662
003 CL-VaPUC
008 900612e19740000AG |||||||||||||||||spa|d
082 0 4 |a 372.24  |b SMI  |2 21 
100 0 |a Smith, Lee L  |e author  |9 309458 
245 1 3 |a La realidad de la escuela sin grados 
300 |a 245 p 
942 |c BK 
945 |d 19900612 00:00:00 
260 |a Buenos Aires  |b Angel Estrada  |c 1974 
650 0 |a Educación básica   |9 224933 
583 |a last modification  |c 19900612 00:00:00  |k Rodrigo Vera 
490 0 |a Biblioteca de Ciencias de la Educación 
999 |c 218330  |d 218328 
952 |0 0  |1 0  |4 0  |6 372_240000000000000_SMI_1974  |7 0  |8 P  |9 207717  |a BIBEDU  |b BIBEDU  |c BIBEDU_PB  |d 2019-11-15  |i 2755378  |o 372.24 SMI 1974  |p 2755378  |r 2024-01-25  |w 2019-11-15  |y BK  |k EDU 
952 |0 0  |1 0  |4 0  |6 372_240000000000000_SMI_1974  |7 0  |8 P  |9 207718  |a BIBEDU  |b BIBEDU  |c BIBEDU_PB  |d 2019-11-15  |i 1629417  |o 372.24 SMI 1974  |p 1629417  |r 2024-01-25  |w 2019-11-15  |y BK  |k EDU